Journal of the National Association of Auctioneers, House Agents, Rating Surveyors and Valuers (Record no. 119082)

MARC details
000 -LEADER
fixed length control field 00897cas a22002055a 4500
001 - CONTROL NUMBER
control field L139308
008 - FIXED-LENGTH DATA ELEMENTS--GENERAL INFORMATION
fixed length control field 070725c1937 xxkmr p 0 a0eng u
035 ## - SYSTEM CONTROL NUMBER
System control number (Sirsi) u139308
041 0# - LANGUAGE CODE
Language code of text/sound track or separate title eng
110 2# - MAIN ENTRY--CORPORATE NAME
Corporate name or jurisdiction name as entry element National Association of Auctioneers, House Agents, Rating Surveyors and Valuers
9 (RLIN) 4989
245 00 - TITLE STATEMENT
Title Journal of the National Association of Auctioneers, House Agents, Rating Surveyors and Valuers
260 ## - PUBLICATION, DISTRIBUTION, ETC.
Place of publication, distribution, etc. London
Name of publisher, distributor, etc. National Association of Auctioneers, House Agents, Rating Surveyors and Valuers
Date of publication, distribution, etc. 1937-
362 0# - DATES OF PUBLICATION AND/OR SEQUENTIAL DESIGNATION
Dates of publication and/or sequential designation 1(3) August 1937-n.s. 1(4) October 1944
520 ## - SUMMARY, ETC.
Summary, etc. Issues for March and April 1939 are labelled vol. 3 in error (should be vol. 2).
520 ## - SUMMARY, ETC.
Summary, etc. New series begins in January 1944, with numbering returning to vol. 1 no. 1. Previous issues also labelled 'new series'.
554 ## -
-- 12 per year
651 #4 - SUBJECT ADDED ENTRY--GEOGRAPHIC NAME
Geographic name England
Chronological subdivision 886-
690 ## - LOCAL SUBJECT ADDED ENTRY--TOPICAL TERM (OCLC, RLIN)
Topical term or geographic name as entry element PROPERTY
942 ## - ADDED ENTRY ELEMENTS (KOHA)
Suppress in OPAC 0
Holdings
Withdrawn status Lost status Source of classification or shelving scheme Damaged status Not for loan Home library Current library Shelving location Date acquired Total Checkouts Full call number Barcode Date last seen Price effective from Koha item type
    Dewey Decimal Classification     London London Basement 25/07/2007   JOURNAL OF THE NATIONAL ASSOCIATION... 139308-1001 06/08/2019 06/08/2019 Journal